000 01018nam a22001697a 4500
003 SGT
020 _a9789332519091
082 _a515.3,THO
100 _aTHOMAS,GEORGE B.
245 _aTHOMAS CALCULUS
250 _a12TH
260 _aNEW DELHI
_bPEARSON
_c2015
300 _a1109
650 _aANALYSIS
653 _aCHAPTER 1: FUNCTIONS CHAPTER 2: LIMITS AND CONTINUITY CHAPTER 3: DIFFERENTIATION CHAPTER 4: APPLICATIONS OF DERIVATIVES CHAPTER 5: INTEGRATION CHAPTER 6: APPLICATIONS OF DEFINITE INTEGRALS CHAPTER 7: TRANSCENDENTAL FUNCTIONS CHAPTER 8: TECHNIQUES OF INTEGRATION CHAPTER 9: FIRST-ORDER DIFFERENTIAL EQUATIONS CHAPTER 10: INFINITE SEQUENCES AND SERIES CHAPTER 11: PARAMETRIC EQUATIONS AND POLAR COORDINATES CHAPTER 12: VECTORS AND THE GEOMETRY OF SPACE CHAPTER 13: VECTOR-VALUED FUNCTIONS AND MOTION IN SPACE CHAPTER 14: PARTIAL DERIVATIVES CHAPTER 15: MULTIPLE INTEGRALS CHAPTER 16: INTEGRATION IN VECTOR FIELDS CHAPTER 17: SECOND-ORDER DIFFERENTIAL EQUATIONS
942 _2ddc
_cFPS
999 _c9491
_d9491